Magyar statisztikai zsebkönyv 2008

Salvato in:
Dettagli Bibliografici
Natura: Libro
Lingua:ungherese
Pubblicazione: Budapest Központi Statisztikai Hivatal 2009
Tags: Aggiungi Tag
Nessun Tag, puoi essere il primo ad aggiungerne!!

MARC

LEADER 00000nam$a2200000$$$4500
001 0107760
005 20240318120356.7
022 |a 0133-5847 
041 0 |a hun 
044 |a HU 
245 1 0 |a Magyar statisztikai zsebkönyv 2008 
264 1 |a Budapest  |b Központi Statisztikai Hivatal  |c 2009 
300 |a xxviii, 229 s.